|
|
|
|
| LEADER |
00000nab a2200000 a 4500 |
| 001 |
vtls000153396 |
| 003 |
SK-MaSNL |
| 005 |
20260303210654.0 |
| 008 |
111104c1983 xo 0 slo |
| 015 |
|
|
|a SNBRB19rr/mm-uuuuu
|
| 035 |
|
|
|a CL0163503
|
| 040 |
|
|
|a SNKBUCL
|b slo
|c SNKBUCL
|e AACR2
|
| 041 |
0 |
|
|a slo
|
| 044 |
|
|
|a xo
|c SK
|
| 080 |
|
|
|a 008:374-051
|2 1981
|
| 080 |
|
|
|a 374-051
|2 1981
|
| 100 |
1 |
|
|a Mináriková, Ľudmila
|4 aut
|9 278385
|
| 245 |
1 |
0 |
|a Rezortné vyznamenania pri príležitosti Dňa kultúrno-osvetových pracovníkov SSR
|c Ľudmila Mináriková
|
| 300 |
|
|
|b Obr. 3.
|
| 650 |
0 |
7 |
|a kultúrno-osvetoví pracovníci
|2 snkbucl
|9 85340
|
| 655 |
|
7 |
|a články z novín a časopisov
|2 snkbucl
|9 267496
|
| 773 |
0 |
|
|t Rytmus
|g Roč. 34, č. 1 (1983), s. 12-13
|
| 850 |
|
|
|a Slovenská národná knižnica v Martine
|a MTA001
|
| 852 |
|
|
|a SNK
|b KIS3GCP
|
| 958 |
|
|
|a RK
|
| 992 |
|
|
|a RBX
|
| 999 |
|
|
|c 2201205
|d 2203135
|